000 00694cab a2200229 4500
001 X3350
008 090401t1996 xxu||||| |||| 00| 0 eng d
035 _a(Sirsi) u29909
041 _aeng
100 _aBurkinshaw, R.
245 4 _aThe round chapel comes full circle
260 _c1996
350 _a0
490 _aCSM (Chartered Surveyor Monthly)
_v5(5) February 1996, 34-35(2)
520 _aDescribes the initiative to refurbish the non-conformist round chapel in Hackney.
650 _aCHAPELS
650 _aECCLESIASTICAL BUILDINGS
650 _aBUILT ENVIRONMENT-BUILDING MAINTENANCE AND REFURBISHMENT
690 _aRefurbishment
_96264
942 _n0
948 _c04/03/1997
999 _c20119
_d20119